01726nam a2200301Ia 450000100060000000300090000600800410001504000130005604000130006904100130008210000210009510000290011624500410014524500400018625000110022626000100023726000340024726000490028130000570033050007210038765000140110865000310112294200070115395700060116099900170116699900060118395202350118999390IT-RoPAU130308s9999 xx 000 0 und d aIT-RoPAU cIT-RoPAU aFRANCESE aRastier Francois gCodice Aut. SPICS: 12934 aSemantique et recherches cognitives  bSemantique et Recherches Cognitives a1a ed. aPARIS bPresses Universitaires France c1991 [1° Ed.:1991 - Ed.Ling.Originale:1991] a"264 p. (prefazione: no ; testo: 264 [pagine: 0-0])" aSemantica e ricerche Cognitive. Storia ed Epistemologia. Geografia della Ricerca Cognitiva. Storiografia della Ricerca Cognitiva. Linguistica e Ricerca Cognitiva. Dal Concetto al Significato. Modelli della Significazione. Due relazioni Fondamentali: referenza e Inferenza. Universalismo Relativismo e Determinismo. Semantica e Intelligenza Artificiale. Semantica delle Reti.Semantica Formale e Cognitiva. Formalismi dell'Intelligenza Artificiale e rappresentazioni del Significato Lessicale. Dialogo Uomo Macchina e rappresentazione dell'Interlocutore. Dalla Psicologia Alle Neuroscienze. Categorizzazione Tipicalità e Lessicologia. Percezione Semantica. Sustrati Anatomici delle Culture e delle Lingue. Glossario. aSEMANTICA eCodice materia Spics: 3301 cBK 71 c88321d88321 g1 001040699390_00000000000000071aSPICSbSPICSd2013-03-08l0o99390r2013-03-08 00:00:00w2013-03-08yBKzProgressivo inserimento: 7148 / N. Volumi: 1 Copie: 1 / data import: 1 marzo 2013 - By Epidotti, Trombetti, Vaglietti.